| 000 | 00834cab a2200193 4500 | ||
|---|---|---|---|
| 001 | WB2901-34 | ||
| 008 | 090401t1993 xxu||||| |||| 00| 0 eng d | ||
| 035 | _a(Sirsi) u18398 | ||
| 041 | _aeng | ||
| 245 | _aHalifax hopes for end to fiction | ||
| 260 | _c1993 | ||
| 350 | _a0 | ||
| 490 |
_aDaily Express _v6 January 1993, 27(1) |
||
| 520 | _aThe Halifax Building Society will give up its prediction of house price trends after repeated inaccuracies, unless this year sees an improvement. Although its monitoring of current prices employs the most sophisticated system in Europe, analysts cannot account for psychological variables and are under pressure to produce positive forecasts. | ||
| 650 | _aHOUSE PRICE INDEX | ||
| 690 | _aPROPERTY-RESIDENTIAL PROPERTY-RESIDENTIAL PROPERTY MARKET | ||
| 942 | _n0 | ||
| 948 | _c04/03/1997 | ||
| 999 |
_c12221 _d12221 |
||